000 00544nam a2200181Ia 4500
008 100921s9999 xx 000 0 und d
082 _b23644
_a820 थ 37
100 _aWoolf Leonard.
245 _aAfter The Deluge.
260 _bपेंग्वीन बुक्स,ग्रेट ब्रिटन.
_c1937
300 _a278
_b---
365 _b0
520 _aललित इंग्रजी.
630 _aAfter The Deluge.
650 _aललित इंग्रजी.
730 _aAfter The Deluge.
942 _cBOOK
999 _c772757
_d772754